000 01659cam a2200433 a 4500
001 7916872
003 USPCAS-E
005 20180118181420.0
006 m d
007 cr n
008 090302s2010 enka sb 001 0 eng d
020 _z9780080467337
020 _a9780080914893
035 _a(WaSeSS)ssj0000386321
040 _aCaPaEBR
_cCaPaEBR
_dWaSeSS
050 4 _aTA357.5.M84
_bY46 2010eb
050 4 _aTA357.5.M84
082 _2 22
_a620.1064
_bYEO-C 2010
100 1 _aYeoh, Guan Heng.
210 1 0 _aComputational techniques for multi-phase flows
245 1 0 _aComputational techniques for multi-phase flows
_bbasics and applications /
_cGuan Heng Yeoh and Jiyuan Tu.
250 _a1st ed.
260 _aOxford :
_bButterworth-Heinemann, an imprint of Elsevier,
_c2010.
502 _a.
504 _aIncludes bibliographical references (p. 607-626) and index.
506 _aLicense restrictions may limit access.
650 0 _aMultiphase flow.
650 0 _aFluid dynamics.
650 0 _aTwo-phase flow.
655 7 _aElectronic books.
_2local
700 1 _aTu, Jiyuan.
710 2 _aebrary, Inc.
773 0 _tReferex Chemical, Petrochemical and Process Engineering
773 0 _teBook - Chemical Engineering 2009 [EBCCE09]
856 4 0 _uhttp://www.columbia.edu/cgi-bin/cul/resolve?clio7916872.001
_zFull text available from eBook - Chemical Engineering 2009 [EBCCE09]
856 4 0 _uhttp://www.columbia.edu/cgi-bin/cul/resolve?clio7916872.002
_zFull text available from Referex Chemical, Petrochemical and Process Engineering
910 _aVendor-generated brief record
942 _2ddc
_cBK
999 _c355985
_d355985